Anglicko-slovenský, slovensko-anglický slovník

Gespeichert in:
Bibliographische Detailangaben
1. Verfasser: Haraksimová, Erna
Weitere Verfasser: Mokrá, Rita, Smrčinová, Dagmar
Format: Buch
Sprache:Slowakisch
Englisch
Veröffentlicht: Praha OTTOVO nakladatelství - Cesty 2001
Ausgabe:1. dopl. vyd.
Schlagworte:
Tags: Tag hinzufügen
Keine Tags, Fügen Sie das erste Tag hinzu!

MARC

LEADER 00000nam a2200000 4500
001 c131488
005 20240104115047.8
020 |a 80-7181-543-8 
041 0 |a slo 
041 0 |a eng 
044 |a CZ 
245 1 0 |a Anglicko-slovenský, slovensko-anglický slovník  |c Erna Haraksimová, Rita Mokrá, Dagmar Smrčinová 
250 |a 1. dopl. vyd. 
264 1 |a Praha  |b OTTOVO nakladatelství - Cesty  |c 2001 
300 |a 896 s. 
610 2 0 |a jazykoveda 
610 2 0 |a terminológia 
610 2 0 |a jazyky cudzie 
100 1 |a Haraksimová, Erna 
700 1 |a Mokrá, Rita 
700 1 |a Smrčinová, Dagmar